luật sư và hành nghệ luật sư

Gespeichert in:
Bibliographische Detailangaben
1. Verfasser: NGUYỄN VĂN TUÂN
Format: Buch
Sprache:Undetermined
Veröffentlicht: Hà Nội ĐHQG 2002
Schlagworte:
Tags: Tag hinzufügen
Keine Tags, Fügen Sie den ersten Tag hinzu!
Thư viện lưu trữ: Trung tâm Học liệu Trường Đại học Cần Thơ
LEADER 00470nam a2200169Ia 4500
001 CTU_49113
008 210402s9999 xx 000 0 und d
082 |a 340.092 
082 |b T502 
100 |a NGUYỄN VĂN TUÂN 
245 0 |a luật sư và hành nghệ luật sư 
245 0 |c NGUYỄN VĂN TUÂN 
260 |a Hà Nội 
260 |b ĐHQG 
260 |c 2002 
650 |a lawyers 
980 |a Trung tâm Học liệu Trường Đại học Cần Thơ